| 000 | 01004 a2200193 4500 | ||
|---|---|---|---|
| 003 | Nust | ||
| 005 | 20221227122616.0 | ||
| 010 | _a 90006320 | ||
| 020 | _a0070696209 | ||
| 040 | _cNust | ||
| 082 | 0 | 0 | _a621.38415 |
| 100 | 1 | _aWhitaker, Jerry C. | |
| 245 | 1 | 0 |
_aRadio frequency transmission systems : _bdesign and operation / _cJerry C. Whitaker. |
| 260 |
_aNew York : _bIntertext Publications, McGraw-Hill, _cc1991. |
||
| 300 |
_axiii, 432 p. : _bill. ; _c24 cm. |
||
| 505 | _aUsing RF Power Technology (Page-1), Broadcast Applications (Page-31), Non- Broadcast Applications (Page-63), Solid State RF Devices (Page-101), Applying Semiconductor RF Devices (Page-141), Power Grid Vacuum Tubes (Page-179), Microwave Power Tubes (Page-265), New Power Tubes (Page-265), New Developments in Microwave Tubes Technology (Page-303), Transmission Line and Waveguide (Page-327), RF Combiner Systems (Page-351), Antenna Systems (Page-375). | ||
| 650 | 0 |
_aRadio _xTransmitters and transmission. |
|
| 942 |
_2ddc _cBK |
||
| 999 |
_c183137 _d183137 |
||